Dr. Syama Prasad Mukherjee/ (Record no. 191420)
[ view plain ]
| 000 -LEADER | |
|---|---|
| fixed length control field | 00589nam a22001697a 4500 |
| 005 - DATE AND TIME OF LATEST TRANSACTION | |
| control field | 20220825160515.0 |
| 010 ## - LCCN (DPL NO) | |
| LC control number | ENG-134654 |
| 020 ## - INTERNATIONAL STANDARD BOOK NUMBER | |
| Terms of availability | 995.00 |
| International Standard Book Number | 9789385493881 |
| 035 ## - SYSTEM CONTROL NUMBER | |
| System control number | EN-118186 |
| 037 ## - SOURCE OF ACQUISITION | |
| Source of stock number/acquisition | DBAD/PUB |
| 082 ## - DEWEY DECIMAL CLASSIFICATION NUMBER | |
| Classification number | 954.035092 |
| 245 ## - TITLE STATEMENT | |
| Title | Dr. Syama Prasad Mukherjee/ |
| Statement of responsibility, etc | Edited by Harsharan Singh |
| 260 ## - PUBLICATION, DISTRIBUTION, ETC. (IMPRINT) | |
| Date of publication, distribution, etc | 2016 |
| Name of publisher, distributor, etc | H. O. Rathore publication |
| Place of publication, distribution, etc | U.P. |
| 270 ## - ADDRESS | |
| City | U.P. |
| Address | Basement-260, Shaktikhand-III, indirapuram, ghaziabad |
| Postal code | 201010 |
| Electronic mail address | rathorepublishers@gmail.com |
| 300 ## - PHYSICAL DESCRIPTION | |
| Extent | vii, 160p. |
| Dimensions | 22cm(hbk) |
| Other physical details | Bibliography, Index |
| 942 ## - ADDED ENTRY ELEMENTS (KOHA) | |
| Source of classification or shelving scheme | Dewey Decimal Classification |
| Item type | English Books |
| Classification part | 954.035092 |
| Call number suffix | SYA |
| Withdrawn status | Lost status | Not for loan | Collection code | Home library | Current library | Date acquired | Source of acquisition | Cost, normal purchase price | Full call number | Barcode | Copy number | Cost, replacement price | Koha item type |
|---|---|---|---|---|---|---|---|---|---|---|---|---|---|
| Not For Loan | Non-fiction | Shahdara Branch | Shahdara Branch | 25/08/2022 | DBAD/PUB | 995.00 | 954.035092 SYA | EN-118186 | 1 | 995.00 | English Books |
